Key contemporary buildings: plans, sections and elevations with 1 CD Rom (Record no. 66930)

MARC details
000 -LEADER
fixed length control field 00304nam a22001097a 4500
005 - DATE AND TIME OF LATEST TRANSACTION
control field 20251009104630.0
008 - FIXED-LENGTH DATA ELEMENTS--GENERAL INFORMATION
fixed length control field 251009b |||||||| |||| 00| 0 eng d
040 ## - CATALOGING SOURCE
Transcribing agency PK-LaNCA
082 ## - DEWEY DECIMAL CLASSIFICATION NUMBER
Classification number 711.558
Item number KEY
245 ## - TITLE STATEMENT
Title Key contemporary buildings: plans, sections and elevations with 1 CD Rom
942 ## - ADDED ENTRY ELEMENTS (KOHA)
Koha item type Book
999 ## -
-- 66930
-- 66930
Holdings
Withdrawn status Weedout from Library Permanent Location Current Location Date acquired Full call number Barcode Price effective from Koha item type
    NATIONAL COLLEGE OF ARTS, RAWALPINDI CAMPUS - LIBRARY NATIONAL COLLEGE OF ARTS, RAWALPINDI CAMPUS - LIBRARY 09/10/2025 KEY 711.558 RP007190 RP007190 09/10/2025 Book